Web classes from scratch / (Record no. 133068)
[ view plain ]
| 000 -LEADER | |
|---|---|
| fixed length control field | 00721nam a22002537a 4500 |
| 003 - CONTROL NUMBER IDENTIFIER | |
| control field | 0 |
| 005 - DATE AND TIME OF LATEST TRANSACTION | |
| control field | 20181023161131.0 |
| 008 - FIXED-LENGTH DATA ELEMENTS--GENERAL INFORMATION | |
| fixed length control field | 0 |
| 010 ## - LIBRARY OF CONGRESS CONTROL NUMBER | |
| LC control number | A-999002 |
| 020 ## - INTERNATIONAL STANDARD BOOK NUMBER | |
| International Standard Book Number | 8120316568 |
| Terms of availability | 295.00 |
| 035 ## - SYSTEM CONTROL NUMBER | |
| System control number | A-999002, A-999005, A-999018 |
| 037 ## - SOURCE OF ACQUISITION | |
| Source of stock number/acquisition | Cen Lib/Ret |
| 040 ## - CATALOGING SOURCE | |
| Original cataloging agency | DPL |
| Language of cataloging | EN |
| Transcribing agency | 0 |
| 082 ## - DEWEY DECIMAL CLASSIFICATION NUMBER | |
| Classification number | 005.754 |
| Item number | LIB |
| 100 ## - MAIN ENTRY--PERSONAL NAME | |
| Personal name | Liberty, Jesse |
| 9 (RLIN) | 36713 |
| 245 ## - TITLE STATEMENT | |
| Title | Web classes from scratch / |
| Statement of responsibility, etc | by Jesse Liberty |
| 260 ## - PUBLICATION, DISTRIBUTION, ETC. (IMPRINT) | |
| Place of publication, distribution, etc | New Delhi |
| Name of publisher, distributor, etc | Prentice Hall of India |
| Date of publication, distribution, etc | 1999 |
| 270 ## - ADDRESS | |
| Address | M-97, Connaught circus |
| City | New Delhi |
| Postal code | 110007 |
| 300 ## - PHYSICAL DESCRIPTION | |
| Extent | viii,288p. |
| Dimensions | 23cm(Hb) |
| 500 ## - GENERAL NOTE | |
| General note | Includes index |
| 650 ## - SUBJECT ADDED ENTRY--TOPICAL TERM | |
| Topical term or geographic name as entry element | Web databases |
| 9 (RLIN) | 72578 |
| 650 ## - SUBJECT ADDED ENTRY--TOPICAL TERM | |
| Topical term or geographic name as entry element | Web databases |
| 9 (RLIN) | 72579 |
| 942 ## - ADDED ENTRY ELEMENTS (KOHA) | |
| Source of classification or shelving scheme | Dewey Decimal Classification |
| Koha item type | English Books |
| Classification part | 005.754 |
| Call number suffix | LIB |
| Withdrawn status | Lost status | Damaged status | Not for loan | Home library | Current library | Date acquired | Source of acquisition | Cost, normal purchase price | Total Checkouts | Full call number | Barcode | Date last seen | Copy number | Cost, replacement price | Price effective from | Koha item type | Public note | Source of classification or shelving scheme | Collection code |
|---|---|---|---|---|---|---|---|---|---|---|---|---|---|---|---|---|---|---|---|
| Written off | Central Library | Central Library | 24/07/2015 | Cen Lib/Ret | 295.00 | 005.754 LIB | A-999002 | 24/07/2015 | 1 | 295.00 | 24/07/2015 | English Books | W/d list no. 6809/15 | ||||||
| Patel Nagar | Patel Nagar | 31/07/2018 | BPPD/PUB | 295.00 | 005.754 LIB | A-999005 | 31/07/2018 | 295.00 | 31/07/2018 | English Books | Dewey Decimal Classification | Non-fiction | |||||||
| Yojana Vihar | Yojana Vihar | 23/10/2018 | BPPD/PUB | 295.00 | 005.754 LIB | A-999018 | 23/10/2018 | 295.00 | 23/10/2018 | English Books | Dewey Decimal Classification | Non-fiction |
